|
|
|
|
| LEADER |
00000nam0a2200000 4500 |
| 001 |
140290 |
| 005 |
20231031142017.0 |
| 029 |
1 |
0 |
|a RU
|b 50.1.005-95
|c Р
|
| 035 |
|
|
|a (RuTPU)RU\TPU\book\151988
|
| 035 |
|
|
|a RU\TPU\book\151983
|
| 090 |
|
|
|a 140290
|
| 100 |
|
|
|a 20080625d1996 k y0rusy50 ca
|
| 101 |
0 |
|
|a rus
|
| 102 |
|
|
|a RU
|
| 105 |
|
|
|a y l 000zy
|
| 200 |
1 |
|
|a Государственный надзор за соблюдением обязательных требований Государственных стандартов при оказании услуг и за сертифицированными услугами. Р 50.1.005-95
|
| 205 |
|
|
|a Изд. официальное
|
| 210 |
|
|
|a Москва
|c Госстандарт России
|d 1996
|
| 215 |
|
|
|a 12 с.
|
| 225 |
1 |
|
|a Рекомендации по стандартизации
|
| 229 |
|
|
|a Приняты Постановлением Госстандарта России от 14 деабря 1995 г. № 608
|
| 610 |
1 |
|
|a рекомендации
|
| 610 |
1 |
|
|a государственный надзор
|
| 610 |
1 |
|
|a услуги
|
| 610 |
1 |
|
|a рекомендации по стандартизации
|
| 675 |
|
|
|a 658(083)
|v 3
|
| 801 |
|
1 |
|a RU
|b 63413507
|c 20030819
|g PSBO
|
| 801 |
|
2 |
|a RU
|b 63413507
|c 20221207
|g PSBO
|
| 942 |
|
|
|c BK
|